Colloquy organised by the Council of Europe (Directorate of Environment and Local Authorities) and the Slovenian Ministry of the Environment and Physical Planning. proceedings, Sustainable tourism development: concilation of economic, cultural, social scientific and environmental interests /

Αποθηκεύτηκε σε:
Λεπτομέρειες βιβλιογραφικής εγγραφής
Συλλογικό Έργο: Council of Europe, Slovenian Ministry of the Environment and Physical Planning
Μορφή: Βιβλίο
Γλώσσα:English
Δημοσίευση: Maribor (Slovenia) : Council of Europe, 1996
Θέματα:
Ετικέτες: Προσθήκη ετικέτας
Δεν υπάρχουν, Καταχωρήστε ετικέτα πρώτοι!

MARC

LEADER 00000cam a2200000 i 4500
001 1/90746
008 991001s eng d
020 |a 92-871-3383-2 
035 |l 10053246 
040 |a GR-MY-UA  |b gre  |e aacr 
041 0 |a eng 
082 0 |a 338.4791 
110 2 |a Council of Europe. 
245 1 0 |a Colloquy organised by the Council of Europe (Directorate of Environment and Local Authorities) and the Slovenian Ministry of the Environment and Physical Planning.  |n proceedings,  |p Sustainable tourism development: concilation of economic, cultural, social scientific and environmental interests /  |c Council of Europe 
260 |a Maribor (Slovenia) :   |b Council of Europe,   |c 1996 
300 |a 151 p. 
650 0 0 |a Tourism  |x Congresses. 
650 0 0 |a Tourism  |x Social aspects  |x Congresses. 
650 0 0 |a Tourism  |x Environmental aspects  |x Congresses. 
710 2 |a Slovenian Ministry of the Environment and Physical Planning. 
852 |a INST  |b CHIOS  |e 19991001  |h 338.4791 COU  |p 005200014219  |q 005200014219  |t BK  |y 0 
901 |a BIBL2-1999-3 
909 |a Χ  |b 055868 
970 |a ΣΑΛΑΜΟΥΡΑ  |b ΜΑΡΙΑ  |z 1999/10/01